|
|
|
|
| LEADER |
00000nam0a2200000 4500 |
| 001 |
231193 |
| 005 |
20231101231048.0 |
| 035 |
|
|
|a (RuTPU)RU\TPU\book\252209
|
| 090 |
|
|
|a 231193
|
| 100 |
|
|
|a 20130130d1929 k y0rusy50 ca
|
| 101 |
0 |
|
|a rus
|
| 102 |
|
|
|a RU
|
| 105 |
|
|
|a y z 000zy
|
| 200 |
1 |
|
|a Общий отчет о состоянии и деятельности Западно-Сибирского отделения Геологического комитета за 1927-1928 операционный год
|f А. М. Кузьмин
|g СССР, Геологический комитет (Геолком) ; под ред. М. А. Усов
|
| 210 |
|
|
|a Томск
|c Сибирское отделение Геологического комитета
|d 1929
|
| 215 |
|
|
|a 42 с.
|
| 225 |
1 |
|
|a Известия Западно-Сибирского отделения Геологического комитета
|v Т. 8, вып. 6
|
| 316 |
|
|
|5 63413507: 1459
|a На обложке надпись: «Проф. А. В. Лаврскому»
|
| 317 |
|
|
|5 63413507: КР-712
|a Поступила в НТБ в 2004 г. в составе книжного собрания профессора ТПИ К. В. Радугина
|
| 317 |
|
|
|5 63413507: КР-743
|a Поступила в НТБ в 2004 г. в составе книжного собрания профессора ТПИ К. В. Радугина
|
| 317 |
|
|
|5 63413507: 1459
|a Поступил в НТБ в 1945 г. в составе книжного собрания профессора ТПИ А. В. Лаврского
|
| 606 |
1 |
|
|a Геологические организации
|2 stltpush
|3 (RuTPU)RU\TPU\subj\72231
|9 85799
|
| 610 |
1 |
|
|a Западно-Сибирское отделение
|
| 610 |
1 |
|
|a деятельность
|
| 610 |
1 |
|
|a состояние
|
| 610 |
1 |
|
|a программы
|
| 610 |
1 |
|
|a отчеты
|
| 610 |
1 |
|
|a Библиотека К. В. Радугина
|
| 610 |
1 |
|
|a Коллекция А. В. Лаврского
|
| 610 |
1 |
|
|a труды учёных ТПУ
|
| 675 |
|
|
|a 550.8.02:658
|v 3
|
| 700 |
|
1 |
|a Кузьмин
|b А. М.
|c российский геолог
|c профессор Томского политехнического института
|f 1891-1980
|g Алексей Михайлович
|2 stltpush
|3 (RuTPU)RU\TPU\pers\13901
|
| 702 |
|
1 |
|a Усов
|b М. А.
|c российский геолог
|c профессор Томского технологического института
|f 1883-1939
|g Михаил Антонович
|2 stltpush
|3 (RuTPU)RU\TPU\pers\1941
|4 340
|
| 712 |
0 |
1 |
|a СССР
|b Геологический комитет (Геолком)
|c (1922-1930)
|2 stltpush
|3 (RuTPU)RU\TPU\col\18484
|
| 801 |
|
1 |
|a RU
|b 63413507
|c 20130130
|
| 801 |
|
2 |
|a RU
|b 63413507
|c 20211213
|g RCR
|
| 942 |
|
|
|c BK
|